000 03268cam a22004574i 4500
003 PE-LiUPU
005 20250731165422.0
008 160114s2013 pe a grm 000 0 spa d
035 _a(Sirsi) a155740
040 _aPE-LiUPU
_bspa
_cPE-LiUPU
_erda
082 0 4 _a232.8
_bP43 T3
099 _aTT 3
_bP43 2013
100 1 _aPeña Salvatierra, Alberto
_eautor
245 1 _aHumanidad de Cristo desde una perspectiva bíblica en la Iglesia Adventista del Séptimo Día /
_cAlberto Peña Salvatierra.
264 0 _c2013.
300 _a127 hojas
_c30 cm
336 _atext
_2rdacontent
337 _aunmediated
_2rdamedia
338 _avolume
_2rdacarrier
502 _aTesis
_b(Mg.) --
_cUniversidad Peruana Unión,
_d2013.
504 _aIncluye referencias
520 3 _aEl presente trabajo es un estudio histórico y teológico, sujeto al principio de prima, sola y tota escritura y utiliza el método histórico documental, a fin de investigar el tema de humanidad de Cristo. La metodología sigue los lineamientos: Revisión bibliográfica de autores adventistas que abordan el tema de la humanidad de Cristo, a fin de visualizar los textos bíblicos sobre los que construyen sus argumentos. Revisión de la comprensión del tema a través de la historia del cristianismo concentrándonos en las declaraciones oficiales de concilios y de algunas denominaciones protestantes. Revisión de la comprensión del tema a través de la historia de la Iglesia Adventista del Séptimo Día, concentrándonos en Literatura y autores sobresalientes. Estudio de os textos seleccionados en base a los aportes dados por comentaristas y exégesis bíblicos. La teología adventista distingue dos enfoques sobre la humanidad de Cristo. Una, que Cristo tomó la humanidad afectada por el pecado, conocida como enfoque poslapsario. La otra, que Cristo tomó la naturaleza humana caída pero sólo físicamente, mas no espiritualmente, que el pecado sólo le afectó pasivamente y que por lo tanto, no poseía inclinación alguna al mal o epithumia. Este enfoque, aunque no lo considera a Cristo igual a Adán antes de la caída, sin embargo, por considerarlo inmaculado espiritualmente, es conocido como prelapsario. La Iglesia Adventista hasta 1958 sostenía el enfoque poslapsario, pero a partir del libro Questión on Doctrine de 1957, rompió este enfoque e introdujo el enfoque prelapsario. Puntualizó que Cristo fue inmaculado y que no participó de la inclinación al mal. Desde entonces se levantó un sisma al respecto. Un bando recibió con regocijo esta nueva posición, pero otro grupo se opuso tenazmente, rechazando y tildando a este nuevo enfoque como herético.
526 _aSEG44
526 _aSEG26
526 _aP151
526 _aP150
526 _aP149
526 _aP146
526 _aP145
526 _aP126
526 _aP125
526 _aP92
526 _aP75
526 _aP74
526 _aP27
526 _aP15
600 0 4 _aJesucristo
_xHumanidad
_xEnseñanza bíblica
_xIglesia Adventista del Séptimo Día.
596 _a1
942 _2ddc
_cTESIS
999 _aTT 3 P43 2013
_wALPHANUM
_c8417
_iT01506
_d8417
_lCCODEBUL3
_mBUL
_q1
_r1
_sY
_tTESIS
_u2016-1-14
_xPOSGRADO
_PP85
_o.STAFF. Tesis
980 _81
_gALBERTO SANCHEZ Responsable de Automatización